000 00785 a2200181 4500
999 _c386
_d386
020 _a1563384108 (pbk.)
050 0 0 _aBS476.COU 2003
100 1 _aCountryman, Louis William,
_d1941-
245 1 0 _aInterpreting the truth :
_bchanging the paradigm of biblical studies /
_cL. William Countryman.
264 _aHarrisburg, PA :
_b Trinity Press International,
_c2003
300 _aix, 245 p. ;
500 _aIncludes index.
504 _aIncludes bibliographical references (p. 235-238)
650 _a Bible
_xHermeneutics.
856 4 1 _3Table of contents
_uhttp://www.loc.gov/catdir/toc/ecip042/2003008785.html
942 _2lcc
_cBK
_h476
_iCOU
_k2003